जादू एक हँसी एक हीरोइन/ (Record no. 200722)

MARC details
000 -LEADER
fixed length control field 00871nam a22002057a 4500
005 - DATE AND TIME OF LATEST TRANSACTION
control field 20240301170550.0
010 ## - LCCN (DPL NO)
LC control number HIN-126877
020 ## - INTERNATIONAL STANDARD BOOK NUMBER
International Standard Book Number 9789392186 981
Terms of availability 495.00
035 ## - SYSTEM CONTROL NUMBER
System control number HN-99223
037 ## - SOURCE OF ACQUISITION
Source of stock number/acquisition DBAD/PUB
082 ## - DEWEY DECIMAL CLASSIFICATION NUMBER
Classification number
100 ## - MAIN ENTRY--PERSONAL NAME
Personal name रवीन्द्र आरोही
245 ## - TITLE STATEMENT
Title जादू एक हँसी एक हीरोइन/
Statement of responsibility, etc रवीन्द्र आरोही
250 ## - EDITION STATEMENT
Edition statement 1
260 ## - PUBLICATION, DISTRIBUTION, ETC. (IMPRINT)
Place of publication, distribution, etc प्रयागराज
Name of publisher, distributor, etc लोकभारती प्रकाशन
Date of publication, distribution, etc 2022
270 ## - ADDRESS
Address पहली मंजिल, दरबारी बिल्डिंग, महात्मा गाँधी मार्ग
City प्रयागराज
Postal code 211002
300 ## - PHYSICAL DESCRIPTION
Extent 166 पृष्ठ;
Dimensions 22 सेमी (सजिल्द)
760 ## - MAIN SERIES ENTRY
Edition 1
942 ## - ADDED ENTRY ELEMENTS (KOHA)
Item type Hindi Books
Source of classification or shelving scheme Dewey Decimal Classification
Classification part
Call number suffix रवीन्द्र
Holdings
Withdrawn status Lost status Not for loan Collection code Home library Current library Date acquired Source of acquisition Cost, normal purchase price Full call number Barcode Copy number Cost, replacement price Koha item type
      Fiction Sarojini Nagar Sarojini Nagar 13/02/2024 DBAD/PUB 495.00 क रवीन्द्र HN-99223 1 495.00 Hindi Books

© Delhi Public Library
Hit Counter
free hit counter